000 00401cam a22001337a 4500
008 180718b1997 xxu||||| |||| 00| 0 eng d
020 _a8185131090
082 _aP95173 Sh23
245 _aHandbook of Indian research journals
_cedited by H.D. Sharma
260 _aVaranasi
_bIndian Bibliogrphic Centre
_c1997
300 _a274p.
650 _aPeriodicals, Publishing of - India
700 _aSharma, H.D.
999 _c387626
_d387626